000 00430nam a2200181Ia 4500
001 8516
005 20260306160615.0
008 260306t1996||||xx |||||||||||||| ||spa||
041 _aESP
082 _a371.1
_bZ85
100 _aZolezzi Ibárcena, Lorenzo,
_eAUT
245 0 _aMetodología de la enseñanza
260 _c1996
300 _a37 páginas :
_c21 cm.
650 _aGEN
654 _aCED
942 _cLIB
_dJUS
_fJUS
_2ddc
_n
999 _c8516
_d8516